Mathematics for economic analysis / (Record no. 165923)

MARC details
000 -LEADER
fixed length control field 00789nam a22002057a 4500
005 - DATE AND TIME OF LATEST TRANSACTION
control field 20190709154157.0
010 ## - LCCN (DPL NO)
LC control number B-728446
020 ## - INTERNATIONAL STANDARD BOOK NUMBER
International Standard Book Number 9788177581041
Terms of availability 899.00
035 ## - SYSTEM CONTROL NUMBER
System control number B-728446
037 ## - SOURCE OF ACQUISITION
Source of stock number/acquisition RK Books
082 ## - DEWEY DECIMAL CLASSIFICATION NUMBER
Classification number 330.0151
100 ## - MAIN ENTRY--PERSONAL NAME
Personal name Sydsaeter, Knut
245 ## - TITLE STATEMENT
Title Mathematics for economic analysis /
Statement of responsibility, etc by Knut Sydsaeter [and] Peter J. Hammond
260 ## - PUBLICATION, DISTRIBUTION, ETC. (IMPRINT)
Place of publication, distribution, etc Noida
Name of publisher, distributor, etc Pearson
Date of publication, distribution, etc 2019
270 ## - ADDRESS
Address 15th Floor, Tower-B, World Trade Tower, Plot No. 1, Sector-16
City Noida
Postal code 201301 (U.P.)
300 ## - PHYSICAL DESCRIPTION
Extent 1000p.:
Other physical details ill.
Dimensions 23cm(pbk)
700 ## - ADDED ENTRY--PERSONAL NAME
Personal name Hammond, J. Peter
942 ## - ADDED ENTRY ELEMENTS (KOHA)
Source of classification or shelving scheme Dewey Decimal Classification
Item type English Books
Classification part 330.0151
Call number suffix SYD
Holdings
Withdrawn status Lost status Not for loan Collection code Home library Current library Date acquired Source of acquisition Cost, normal purchase price Full call number Barcode Copy number Cost, replacement price Koha item type Public note
      Non-fiction Kadipur Kadipur 05/07/2019 RK Books/IN569/2019-20/17.06.2019/09/06.06.2019/28.06.2019 899.00 330.0151 SYD B-728446 1 899.00 English Books Spl. power

© Delhi Public Library
Hit Counter
free hit counter